000
00317nam a2200121Ia 4500
008
191201s2007 xx 000 0 und d
100
_a
RAJASEKARAN,S.
245
0
_a
Neural Networks and Fuzzy Logic, and Genetic Algorithms
260
_a
N. Delhi
_b
PHI
_c
2007
300
_a
439
650
_a
B.Tech(CSE)
942
_2
ddc
_c
BK
999
_c
6640
_d
6640